[Event "New York Fall IM-C"]
[Site "Long Island City"]
[Date "2022.11.09"]
[Round "1"]
[White "La Manna, Andrea"]
[Black "Moor, Nathaniel Philip"]
[Result "0-1"]
[WhiteElo "2297"]
[BlackElo "2131"]
[PlyCount "50"]
[EventDate "2022.11.09"]
[EventType "tourn"]
[EventRounds "9"]
[EventCountry "USA"]
[SourceTitle "CBM 211 Extra"]
[Source "ChessBase"]
[SourceDate "2023.01.31"]
[SourceVersion "1"]
[SourceVersionDate "2023.01.31"]
[SourceQuality "1"]

1. d4 d5 2. c4 dxc4 3. e4 b5 4. a4 c6 5. axb5 cxb5 6. Nc3 Qb6 7. Nf3 e6 8. Be2 Nf6 9. 0-0 Bb7 10. d5 Bc5 11. Bf4 exd5 12. Nxd5 Nxd5 13. exd5 0-0 14. b3 cxb3 15. Qxb3 a6 16. Ne5 Bd4 17. Ra2 Re8 18. Nf3 Bf6 19. Rc1 Nd7 20. Bc7 Rac8 21. d6 Bxf3 22. gxf3 Qd4 23. Rd1 Qf4 24. Bf1 Be5 25. Bg2 Re6 0-1

[Event "Foxwoods op 14th"]
[Site "Ledyard"]
[Date "2022.04.17"]
[Round "8"]
[White "Taylor, Stewart"]
[Black "Moor, Nathaniel Philip"]
[Result "0-1"]
[WhiteElo "1849"]
[BlackElo "2007"]
[PlyCount "58"]
[EventDate "2022.04.13"]
[EventType "swiss"]
[EventRounds "9"]
[EventCountry "USA"]
[SourceTitle "CBM 207 Extra"]
[Source "ChessBase"]
[SourceDate "2022.05.31"]
[SourceVersion "1"]
[SourceVersionDate "2022.05.31"]
[SourceQuality "1"]

1. e4 c5 2. Nf3 e6 3. d4 cxd4 4. Nxd4 Nc6 5. Nc3 Qc7 6. Be3 a6 7. Qd2 Nf6 8. 0-0-0 Be7 9. f3 b5 10. Nxc6 dxc6 11. g4 e5 12. Qf2 Be6 13. Bb6 Qb7 14. Bc5 0-0 15. h4 a5 16. h5 a4 17. a3 Rfe8 18. Bxe7 Qxe7 19. Qb6 Rab8 20. Qa5 Rec8 21. Kb1 Rc7 22. g5 Ne8 23. Na2 c5 24. Rg1 b4 25. axb4 cxb4 26. Ka1 a3 27. Bd3 Ra7 28. Qxe5 axb2+ 29. Qxb2 Rba8 0-1